000 00445nam a2200181Ia 4500
001 8910
003 IN-NITTTR
005 20251114233042.0
008 251113s9999||||xx |||||||||||||| ||eng||
040 _beng
040 _cIN-NITTTR
041 _aeng
082 _a620.106 R541E
100 _aRoberson, John A.
245 0 _aEngineering fluid mechanics /
_cRoberson, John A., Crowe, Clayton
700 _a Crowe, Clayton
942 _2ddc
_cBK
999 _c11547
_d11547